Generating the future (Record no. 110671)

MARC details
000 -LEADER
fixed length control field 00936cad a22002175a 4500
001 - CONTROL NUMBER
control field E149893
008 - FIXED-LENGTH DATA ELEMENTS--GENERAL INFORMATION
fixed length control field 100512s2010 xxk f 000 0 eng d
020 ## - INTERNATIONAL STANDARD BOOK NUMBER
International Standard Book Number 1903496543
035 ## - SYSTEM CONTROL NUMBER
System control number (Sirsi) u149893
041 0# - LANGUAGE CODE
Language code of text/sound track or separate title eng
110 2# - MAIN ENTRY--CORPORATE NAME
Corporate name or jurisdiction name as entry element Royal Academy of Engineering
9 (RLIN) 1610
245 00 - TITLE STATEMENT
Title Generating the future
Remainder of title UK energy systems fit for 2050
Medium [electronic resource]
260 ## - PUBLICATION, DISTRIBUTION, ETC.
Place of publication, distribution, etc. London
Name of publisher, distributor, etc. RAE
Date of publication, distribution, etc. 2010
520 ## - SUMMARY, ETC.
Summary, etc. Discusses four possible energy scenarios that could enable the UK to meet the target set out in The Climate Change Act to reduce greenhouse gas emissions by at least 80% by 2050.
521 ## - TARGET AUDIENCE NOTE
Target audience note Advanced
590 ## - LOCAL NOTE (RLIN)
Local note KA NTK
651 #4 - SUBJECT ADDED ENTRY--GEOGRAPHIC NAME
Geographic name United Kingdom
Chronological subdivision
690 ## - LOCAL SUBJECT ADDED ENTRY--TOPICAL TERM (OCLC, RLIN)
Topical term or geographic name as entry element ENVIRONMENTAL AND LAND CONSULTANCY-ENERGY-ENERGY USE-ENERGY EFFICIENCY
856 40 - ELECTRONIC LOCATION AND ACCESS
Uniform Resource Identifier <a href="https://www.raeng.org.uk/news/publications/list/reports/Generating_the_future_report.pdf">https://www.raeng.org.uk/news/publications/list/reports/Generating_the_future_report.pdf</a>
Public note View the report free of charge (PDF file) at www.raeng.org.uk
942 ## - ADDED ENTRY ELEMENTS (KOHA)
Suppress in OPAC 0
Holdings
Withdrawn status Lost status Source of classification or shelving scheme Damaged status Not for loan Home library Current library Shelving location Date acquired Total Checkouts Full call number Barcode Date last seen Copy number Price effective from Koha item type
    Dewey Decimal Classification     Virtual Virtual Online 12/05/2010   ONLINE PUBLICATION 149893-2001 06/08/2019 1 06/08/2019 Book